[Event "Titled Tuesday intern op 01st Apr Late"]
[Site "Chess.com INT"]
[Date "2025.04.01"]
[Round "4"]
[White "Asensio Ramos, Enrique Fernando"]
[Black "Kjaergaard Jensen, Jesper"]
[Result "1-0"]
[WhiteElo "2216"]
[BlackElo "2081"]
[PlyCount "113"]
[EventDate "2025.04.01"]
[EventType "swiss (blitz)"]
[EventRounds "11"]
[EventCountry "USA"]
[SourceTitle "CB15_2025"]
[SourceDate "2025.04.09"]
[SourceVersion "1"]
[SourceVersionDate "2025.04.09"]
[SourceQuality "1"]

1. d4 Nf6 2. Nc3 d6 3. e4 Nbd7 4. Nf3 e6 5. Bc4 Nb6 6. Bb3 a5 7. a4 Be7 8. 0-0 d5 9. Re1 dxe4 10. Nxe4 0-0 11. c3 Bd7 12. Ne5 Nxe4 13. Rxe4 Bc6 14. Nxc6 bxc6 15. Bc2 g6 16. Bh6 Re8 17. Qf3 Qd5 18. Rae1 Qf5 19. Qe2 Bd6 20. Rh4 Qf6 21. Qe4 Nd5 22. Rh3 Qf5 23. Qe2 Nf4 24. Bxf5 Nxe2+ 25. Rxe2 exf5 26. Rhe3 Rxe3 27. Rxe3 f6 28. h4 Kf7 29. Kf1 Rb8 30. Re2 f4 31. f3 Rg8 32. g4 g5 33. h5 Rd8 34. Ke1 c5 35. d5 Be5 36. Rd2 Ke7 37. Ke2 Kd6 38. Kd1 Re8 39. Kc2 Re7 40. Rd3 Kd7 41. Kb3 Re8 42. Kc4 Bd6 43. b3 Re7 44. Kb5 Rf7 45. Kxa5 f5 46. gxf5 Rxf5 47. Kb5 g4 48. fxg4 Rf7 49. a5 f3 50. Rd1 f2 51. Rf1 Bg3 52. Be3 Re7 53. Bxc5 Re2 54. a6 Ra2 55. a7 Bf4 56. b4 Bd2 57. Rxf2 1-0

[Event "Titled Tuesday intern op 01st Apr Early"]
[Site "Chess.com INT"]
[Date "2025.04.01"]
[Round "9"]
[White "Asensio Ramos, Enrique Fernando"]
[Black "Krzywda, Andrzej"]
[Result "1-0"]
[WhiteElo "2227"]
[BlackElo "2152"]
[PlyCount "161"]
[EventDate "2025.04.01"]
[EventType "swiss (blitz)"]
[EventRounds "11"]
[EventCountry "USA"]
[SourceTitle "CB15_2025"]
[SourceDate "2025.04.09"]
[SourceVersion "1"]
[SourceVersionDate "2025.04.09"]
[SourceQuality "1"]

1. d4 Nf6 2. Nc3 d5 3. Bf4 c5 4. e4 Nxe4 5. Nxe4 dxe4 6. dxc5 Qa5+ 7. c3 Qxc5 8. Qa4+ Nc6 9. Qxe4 g6 10. Nf3 Bg7 11. Rd1 Be6 12. Qa4 0-0 13. Be3 Qa5 14. Bb5 Qxa4 15. Bxa4 Rfc8 16. Nd4 Bxa2 17. 0-0 Nxd4 18. Bxd4 Be6 19. Bxg7 Kxg7 20. Bd7 Rc7 21. Bxe6 fxe6 22. Rfe1 Kf7 23. Rd4 Rc5 24. g3 Rac8 25. Rd7 R8c7 26. Rd8 Rd5 27. Rh8 Kg7 28. Ra8 Rd2 29. b4 b6 30. Rxe6 Kf7 31. Re3 Rc2 32. h4 h5 33. Kg2 Ra2 34. Rf3+ Kg7 35. Rd3 a5 36. Ra6 a4 37. b5 a3 38. c4 Rxc4 39. Rdxa3 Rxa3 40. Rxa3 Rb4 41. Ra7 Kf6 42. Ra6 Rxb5 43. f3 Rb2+ 44. Kh3 Kf5 45. Ra8 e6 46. Rf8+ Ke5 47. Rg8 Kf6 48. Rf8+ Kg7 49. Rb8 b5 50. Rb7+ Kf6 51. Rb6 Rb3 52. Kg2 Rb2+ 53. Kh3 b4 54. g4 hxg4+ 55. fxg4 Rb3+ 56. Kg2 Ke5 57. Ra6 Kd5 58. h5 gxh5 59. gxh5 Rb2+ 60. Kg3 Rb1 61. Kg2 Rb2+ 62. Kg3 Rb3+ 63. Kg4 Rb1 64. Ra5+ Ke4 65. h6 Rh1 66. Rh5 Rxh5 67. Kxh5 b3 68. h7 b2 69. h8Q b1Q 70. Qh7+ Kf4 71. Qxb1 e5 72. Qf1+ Ke3 73. Kg4 e4 74. Qe1+ Kd3 75. Kf4 e3 76. Qxe3+ Kc2 77. Ke4 Kb1 78. Qd2 Ka1 79. Kd4 Kb1 80. Kc3 Ka1 81. Qb2# 1-0

[Event "Titled Tuesday intern op 01st Apr Early"]
[Site "Chess.com INT"]
[Date "2025.04.01"]
[Round "4"]
[White "Asensio Ramos, Enrique Fernando"]
[Black "Mikhaylova, Irina"]
[Result "1/2-1/2"]
[WhiteElo "2227"]
[BlackElo "2143"]
[PlyCount "119"]
[EventDate "2025.04.01"]
[EventType "swiss (blitz)"]
[EventRounds "11"]
[EventCountry "USA"]
[SourceTitle "CB15_2025"]
[SourceDate "2025.04.09"]
[SourceVersion "1"]
[SourceVersionDate "2025.04.09"]
[SourceQuality "1"]

1. d4 Nf6 2. Nc3 g6 3. e4 d6 4. Bf4 Bg7 5. Qd2 c6 6. Bh6 Bxh6 7. Qxh6 Qa5 8. Bd3 Qh5 9. Qd2 Nbd7 10. f3 e5 11. Nge2 exd4 12. Nxd4 Ne5 13. Be2 Qh4+ 14. g3 Qh3 15. 0-0-0 Qd7 16. Nb3 a5 17. Qxd6 Qxd6 18. Rxd6 Ke7 19. Rd2 Be6 20. Nc5 b6 21. Nxe6 fxe6 22. Rhd1 Rhd8 23. h3 Nf7 24. f4 Rxd2 25. Rxd2 Rd8 26. Rxd8 Kxd8 27. Kd2 Ke7 28. Ke3 Nd7 29. e5 b5 30. Bf3 Nb8 31. Ne4 Nd8 32. Nc5 Nd7 33. Kd4 Nb6 34. b3 Nd7 35. a4 bxa4 36. Nxa4 Nf7 37. Bxc6 Nb8 38. Be4 Nd7 39. c4 Kd8 40. h4 Kc7 41. g4 Nh8 42. h5 gxh5 43. gxh5 h6 44. Nc3 Nf7 45. Nb5+ Kb6 46. Nc3 Nc5 47. Bc2 Nd8 48. Na4+ Nxa4 49. bxa4 Nc6+ 50. Kc3 Kc5 51. f5 exf5 52. Bxf5 Nxe5 53. Be6 Nf3 54. Bf7 Nd4 55. Bg6 Nc6 56. Bf7 Ne5 57. Be6 Nf3 58. Bf7 Ng5 59. Bg6 Nf3 60. Bf7 1/2-1/2

[Event "Titled Tuesday intern op 01st Apr Early"]
[Site "Chess.com INT"]
[Date "2025.04.01"]
[Round "11"]
[White "Asensio Ramos, Enrique Fernando"]
[Black "Shevchenko, Yaroslav"]
[Result "0-1"]
[WhiteElo "2227"]
[BlackElo "2092"]
[PlyCount "94"]
[EventDate "2025.04.01"]
[EventType "swiss (blitz)"]
[EventRounds "11"]
[EventCountry "USA"]
[SourceTitle "CB15_2025"]
[SourceDate "2025.04.09"]
[SourceVersion "1"]
[SourceVersionDate "2025.04.09"]
[SourceQuality "1"]

1. d4 e6 2. Bf4 c5 3. e3 Qb6 4. Na3 d5 5. Nb5 Na6 6. a4 Nf6 7. Nf3 c4 8. c3 Bd7 9. b3 Bxb5 10. axb5 Qxb5 11. bxc4 dxc4 12. Ne5 Rc8 13. Qa4 Qxa4 14. Rxa4 Nd5 15. Kd2 Nac7 16. Rxa7 Nb5 17. Rxb7 Nd6 18. Ra7 Ne4+ 19. Kc2 Nxf2 20. Rg1 Be7 21. Bxc4 Nc7 22. Nc6 Bd8 23. Rb1 Nd5 24. Bb5 0-0 25. Bd6 Re8 26. Rf1 Ne4 27. Be5 Bf6 28. g4 Bxe5 29. dxe5 Nxe3+ 30. Kd3 Nxf1 31. Ne7+ Rxe7 32. Rxe7 Nc5+ 33. Ke2 Nxh2 34. Kf2 Nxg4+ 35. Kg3 Nxe5 36. Ra7 Kf8 37. c4 g5 38. Kf2 h5 39. Ke3 h4 40. Ra1 g4 41. Kf4 Ncd3+ 42. Kg5 h3 43. c5 h2 44. Rh1 g3 45. Ba6 Rxc5 46. Bb7 Nc6+ 47. Kf6 Rf5# 0-1

[Event "Titled Tuesday intern op 01st Apr Late"]
[Site "Chess.com INT"]
[Date "2025.04.01"]
[Round "10"]
[White "Asensio Ramos, Enrique Fernando"]
[Black "Toczek, Grzegorz"]
[Result "1/2-1/2"]
[WhiteElo "2216"]
[BlackElo "2233"]
[PlyCount "145"]
[EventDate "2025.04.01"]
[EventType "swiss (blitz)"]
[EventRounds "11"]
[EventCountry "USA"]
[SourceTitle "CB21_2025"]
[SourceDate "2025.05.21"]
[SourceVersion "1"]
[SourceVersionDate "2025.05.21"]
[SourceQuality "1"]

1. d4 d5 2. Nc3 c6 3. Bf4 Nf6 4. e3 Bf5 5. f3 h6 6. g4 Bh7 7. h4 h5 8. g5 Nfd7 9. Bd3 Bxd3 10. Qxd3 g6 11. e4 Bg7 12. exd5 0-0 13. Nge2 Nb6 14. dxc6 Nxc6 15. 0-0-0 e6 16. Kb1 a6 17. Ne4 Nd5 18. Bd2 Ncb4 19. Bxb4 Nxb4 20. Qb3 a5 21. a3 Nd5 22. Rc1 a4 23. Qd3 b5 24. Qxb5 Qe7 25. Qc5 Qb7 26. Nd6 Qa6 27. c4 Rab8 28. Rc2 Ne3 29. Rc3 Rfd8 30. Nb5 Nxc4 31. Qxc4 Rxb5 32. Ka1 Qa5 33. Rc2 Rbd5 34. Rd1 Qa7 35. f4 Bxd4 36. Nxd4 Rxd4 37. Rxd4 Rxd4 38. Qc8+ Kg7 39. Qc3 Kh7 40. Qf3 Qd7 41. Rc3 Rd1+ 42. Ka2 Rd5 43. b3 axb3+ 44. Rxb3 Rd2+ 45. Rb2 Rd4 46. Qe3 Qd5+ 47. Rb3 Rd2+ 48. Ka1 Qh1+ 49. Rb1 Qg2 50. Qb3 Qe4 51. Qb4 Qc2 52. Rb2 Qc1+ 53. Ka2 Rxb2+ 54. Qxb2 Qxf4 55. Qb4 Qf2+ 56. Kb3 e5 57. Kc3 Qe1+ 58. Kd3 Qg3+ 59. Ke2 e4 60. Qxe4 Qxa3 61. Qd4 Qa2+ 62. Kf3 Qe6 63. Kf4 Qg4+ 64. Ke5 Qxd4+ 65. Kxd4 Kg7 66. Ke5 Kf8 67. Kd6 Kg8 68. Kd7 Kg7 69. Ke7 Kg8 70. Ke8 Kg7 71. Ke7 Kg8 72. Ke8 Kg7 73. Ke7 1/2-1/2

[Event "Titled Tuesday intern op 01st Apr Early"]
[Site "Chess.com INT"]
[Date "2025.04.01"]
[Round "3"]
[White "Dobre, Claudiu Cristian"]
[Black "Asensio Ramos, Enrique Fernando"]
[Result "1-0"]
[WhiteElo "2265"]
[BlackElo "2227"]
[PlyCount "75"]
[EventDate "2025.04.01"]
[EventType "swiss (blitz)"]
[EventRounds "11"]
[EventCountry "USA"]
[SourceTitle "CB15_2025"]
[SourceDate "2025.04.09"]
[SourceVersion "1"]
[SourceVersionDate "2025.04.09"]
[SourceQuality "1"]

1. d4 d5 2. Nf3 e6 3. e3 Nf6 4. Bd3 Nbd7 5. 0-0 Bd6 6. Nbd2 c5 7. c3 0-0 8. e4 cxd4 9. Nxd4 Nc5 10. Bc2 dxe4 11. b4 Nd3 12. Nxe4 Nxc1 13. Nxd6 Qxd6 14. Rxc1 e5 15. Nf5 Qxd1 16. Rfxd1 Be6 17. Nd6 a6 18. Nxb7 Bxa2 19. Ra1 Bd5 20. Nc5 Rfc8 21. Ra5 Bc4 22. f3 g6 23. Rd6 Nd5 24. Be4 Nxc3 25. Bxa8 Rxa8 26. Nxa6 Ne2+ 27. Kf2 Nf4 28. Nc5 Rb8 29. g3 Nh3+ 30. Kg2 Ng5 31. h4 Ne6 32. Nxe6 Bxe6 33. b5 Rc8 34. Rd2 Rc3 35. Rb2 Bd5 36. b6 Rxf3 37. Rxd5 Rb3 38. Rxb3 1-0

[Event "Titled Tuesday intern op 01st Apr Late"]
[Site "Chess.com INT"]
[Date "2025.04.01"]
[Round "2"]
[White "Einarsson, Halldor Gretar"]
[Black "Asensio Ramos, Enrique Fernando"]
[Result "1-0"]
[WhiteElo "2177"]
[BlackElo "2216"]
[PlyCount "71"]
[EventDate "2025.04.01"]
[EventType "swiss (blitz)"]
[EventRounds "11"]
[EventCountry "USA"]
[SourceTitle "CB15_2025"]
[SourceDate "2025.04.09"]
[SourceVersion "1"]
[SourceVersionDate "2025.04.09"]
[SourceQuality "1"]

1. d4 d5 2. Nf3 e6 3. g3 h6 4. Bg2 Nf6 5. 0-0 Bd6 6. c4 0-0 7. Qc2 b6 8. cxd5 exd5 9. Nc3 a6 10. Ne5 Bb7 11. f4 Qe7 12. b3 Nbd7 13. Bb2 Rac8 14. Rad1 Rfd8 15. Qf5 g6 16. Qb1 Kg7 17. Rd2 h5 18. Bh3 Ra8 19. e3 Rh8 20. Qe1 Bb4 21. Nd3 Bxc3 22. Bxc3 Ne4 23. Rc2 a5 24. Ne5 Ndf6 25. f5 g5 26. Bg2 Rac8 27. Bb2 Ba6 28. Rf3 g4 29. Nc6 Qd6 30. Rf4 h4 31. gxh4 Rcg8 32. Ne5 Kf8 33. Rc6 Qe7 34. Bxe4 Nxe4 35. f6 Qd8 36. Qc1 1-0

[Event "Titled Tuesday intern op 01st Apr Early"]
[Site "Chess.com INT"]
[Date "2025.04.01"]
[Round "2"]
[White "Fernandez Siles, Luis"]
[Black "Asensio Ramos, Enrique Fernando"]
[Result "1/2-1/2"]
[WhiteElo "2169"]
[BlackElo "2227"]
[PlyCount "119"]
[EventDate "2025.04.01"]
[EventType "swiss (blitz)"]
[EventRounds "11"]
[EventCountry "USA"]
[SourceTitle "CB15_2025"]
[SourceDate "2025.04.09"]
[SourceVersion "1"]
[SourceVersionDate "2025.04.09"]
[SourceQuality "1"]

1. e4 c5 2. Nf3 d6 3. Bb5+ Bd7 4. Bxd7+ Qxd7 5. 0-0 Nf6 6. Re1 Nc6 7. c3 g6 8. d4 cxd4 9. cxd4 Bg7 10. d5 Ne5 11. Nxe5 dxe5 12. Nc3 0-0 13. Bg5 Ne8 14. Qb3 Nd6 15. a4 a6 16. a5 Rac8 17. Na4 Rc7 18. Nb6 Qb5 19. Qxb5 Nxb5 20. Rec1 Rxc1+ 21. Rxc1 f6 22. Be3 Kf7 23. Nd7 Rd8 24. Nc5 Nd6 25. Ne6 Rc8 26. Rxc8 Nxc8 27. Nd8+ Ke8 28. Nxb7 f5 29. f3 e6 30. dxe6 Ke7 31. Kf1 fxe4 32. fxe4 Kxe6 33. Nc5+ Kd6 34. Nxa6 Kc6 35. Bd2 Bf8 36. Nb8+ Kb5 37. Nd7 Bd6 38. Bc3 Na7 39. Ke2 Nc6 40. Kf3 Bc7 41. Kg4 h6 42. h4 Bxa5 43. Bxa5 Kxa5 44. h5 gxh5+ 45. Kxh5 Kb4 46. Kxh6 Kc4 47. g4 Kd4 48. g5 Kxe4 49. g6 Ne7 50. Kg5 Kd5 51. Kf6 Nxg6 52. Kxg6 e4 53. Nf6+ Kd4 54. Kf5 e3 55. Ne4 e2 56. Ng5 Kc4 57. Nf3 Kb3 58. Ke4 Kxb2 59. Ke3 e1Q+ 60. Nxe1 1/2-1/2

[Event "Titled Tuesday intern op 25th Mar Early"]
[Site "Chess.com INT"]
[Date "2025.03.25"]
[Round "9"]
[White "Asensio Ramos, Enrique Fernando"]
[Black "Nikhil, M."]
[Result "0-1"]
[WhiteElo "2227"]
[BlackElo "2261"]
[PlyCount "88"]
[EventDate "2025.03.25"]
[EventType "swiss (blitz)"]
[EventRounds "11"]
[EventCountry "USA"]
[SourceTitle "CB14_2025"]
[SourceDate "2024.11.01"]
[SourceVersion "1"]
[SourceVersionDate "2024.11.01"]
[SourceQuality "1"]

1. d4 Nf6 2. Nc3 d5 3. Bf4 e6 4. Nb5 Na6 5. e3 Bd6 6. Nxd6+ cxd6 7. Bb5+ Kf8 8. Bxa6 Qa5+ 9. Qd2 Qxa6 10. Qb4 Ke7 11. a4 Bd7 12. Nf3 Rhc8 13. c3 Rc4 14. Qb3 Rxa4 15. Rxa4 Bxa4 16. Qa3 Bb5 17. Qxa6 Bxa6 18. h3 Rc8 19. Bg5 Rc4 20. Kd2 Bb5 21. Ra1 a6 22. Kc2 h6 23. Bxf6+ Kxf6 24. Nd2 Rc7 25. b3 e5 26. Nf3 e4 27. Nd2 Bd3+ 28. Kb2 g5 29. Ra5 Ke6 30. Ra4 f5 31. Ra1 f4 32. Re1 Rf7 33. exf4 gxf4 34. f3 e3 35. Nb1 Rg7 36. Rg1 Bf5 37. c4 Bxh3 38. cxd5+ Kf5 39. Kc3 Rxg2 40. Rh1 e2 41. Kd2 Rg3 42. Kxe2 Bg2 43. Kf2 Bxh1 44. Nc3 Rxf3+ 0-1

[Event "Titled Tuesday intern op 25th Mar Early"]
[Site "Chess.com INT"]
[Date "2025.03.25"]
[Round "6"]
[White "Gibala, Adam"]
[Black "Asensio Ramos, Enrique Fernando"]
[Result "1-0"]
[WhiteElo "2196"]
[BlackElo "2227"]
[PlyCount "61"]
[EventDate "2025.03.25"]
[EventType "swiss (blitz)"]
[EventRounds "11"]
[EventCountry "USA"]
[SourceTitle "CB14_2025"]
[SourceDate "2024.11.01"]
[SourceVersion "1"]
[SourceVersionDate "2024.11.01"]
[SourceQuality "1"]

1. Nf3 d5 2. c4 d4 3. b4 g5 4. h3 e5 5. d3 h6 6. Nbd2 Bg7 7. Bb2 a5 8. b5 Nd7 9. e3 Qe7 10. Be2 dxe3 11. fxe3 Ngf6 12. d4 e4 13. Nh2 h5 14. a4 c5 15. Nb3 cxd4 16. Bxd4 Ne5 17. Bc5 Qe6 18. Nd4 Qd7 19. Qb3 g4 20. 0-0-0 b6 21. Nc6 Qc7 22. Bd6 Qxc6 23. bxc6 Nxc6 24. hxg4 hxg4 25. Qb5 Bd7 26. Nxg4 Rxh1 27. Nxf6+ Bxf6 28. Rxh1 Nb4 29. Qxb6 Rc8 30. Bxb4 Bd8 31. Rh8# 1-0

[Event "Titled Tuesday intern op 18th Mar Late"]
[Site "Chess.com INT"]
[Date "2025.03.18"]
[Round "9"]
[White "Asensio Ramos, Enrique Fernando"]
[Black "Guimaraes, Diogo Duarte"]
[Result "1-0"]
[WhiteElo "2227"]
[BlackElo "2285"]
[PlyCount "157"]
[EventDate "2025.03.18"]
[EventType "swiss (blitz)"]
[EventRounds "11"]
[EventCountry "USA"]
[SourceTitle "CB13_2025"]
[SourceDate "2025.03.26"]
[SourceVersion "1"]
[SourceVersionDate "2025.03.26"]
[SourceQuality "1"]

1. d4 Nf6 2. Nc3 d5 3. Bf4 Bf5 4. e3 e6 5. Bd3 Bg6 6. Nf3 Bb4 7. 0-0 0-0 8. h3 Nbd7 9. a3 Be7 10. Ne5 Nxe5 11. Bxe5 Nd7 12. Bg3 a6 13. Bxg6 hxg6 14. e4 c6 15. Re1 Rc8 16. b4 Nf6 17. Qd3 dxe4 18. Nxe4 Nxe4 19. Qxe4 Qd5 20. Be5 Qxe4 21. Rxe4 a5 22. bxa5 Ra8 23. Rb1 Rxa5 24. Rxb7 Bxa3 25. Re3 Bc1 26. Rc3 Rc8 27. Rf3 f6 28. Bc7 Bb2 29. Bxa5 Bxd4 30. Bb6 Be5 31. g3 g5 32. Rb3 Kh7 33. Be3 Ra8 34. Kg2 Ra2 35. Rb1 Rxc2 36. Rd7 Kg6 37. Rbb7 f5 38. Re7 f4 39. gxf4 gxf4 40. Ba7 Kf5 41. Rf7+ Ke4 42. Bb8 f3+ 43. Rxf3 Bd4 44. Rf4+ Kd5 45. Rg4 e5 46. Kg3 Bxf2+ 47. Kf3 Bd4 48. Rgxg7 e4+ 49. Kg4 e3 50. Rgd7+ Ke4 51. Bg3 e2 52. Re7+ Kd3 53. Rbd7 c5 54. Rf7 Rc4 55. Rf3+ Ke4 56. Rf4+ Ke3 57. Rf3+ Kd2 58. Kf5 e1Q 59. Bxe1+ Kxe1 60. Rf4 Rc2 61. h4 Rh2 62. Re7+ Kd2 63. Ree4 Kd3 64. Rg4 Be3 65. Ke6 c4 66. Rxc4 Bf2 67. Ra4 Kc3 68. Kf7 Be1 69. Kg6 Kb3 70. Rae4 Rc2 71. h5 Rc6+ 72. Kf7 Rh6 73. Rxe1 Rxh5 74. Re3+ Kc2 75. Rg2+ Kd1 76. Ra3 Rf5+ 77. Ke6 Rf2 78. Rxf2 Ke1 79. Rb2 1-0

[Event "Titled Tuesday intern op 18th Mar Late"]
[Site "Chess.com INT"]
[Date "2025.03.18"]
[Round "3"]
[White "Modric, Nesa"]
[Black "Asensio Ramos, Enrique Fernando"]
[Result "1-0"]
[WhiteElo "2088"]
[BlackElo "2227"]
[PlyCount "77"]
[EventDate "2025.03.18"]
[EventType "swiss (blitz)"]
[EventRounds "11"]
[EventCountry "USA"]
[SourceTitle "CB13_2025"]
[SourceDate "2025.03.26"]
[SourceVersion "1"]
[SourceVersionDate "2025.03.26"]
[SourceQuality "1"]

1. e4 c5 2. c3 Nf6 3. e5 Nd5 4. Nf3 Nc6 5. d4 cxd4 6. Bc4 Nb6 7. Bb3 d6 8. exd6 Qxd6 9. 0-0 d3 10. Na3 Na5 11. Nb5 Qd7 12. Bxf7+ Kd8 13. Nbd4 Nc6 14. Ne6+ Qxe6 15. Bxe6 Bxe6 16. Qxd3+ Ke8 17. Bf4 Rd8 18. Qc2 Nd5 19. Bg3 g6 20. Rfe1 Bf5 21. Qa4 Nb6 22. Qb3 Bg7 23. Rad1 Nd7 24. Qxb7 Ncb8 25. Bxb8 Rxb8 26. Qxa7 Rd8 27. Nd4 Kf7 28. Nxf5 gxf5 29. Rxd7 Rxd7 30. Qxd7 Re8 31. Qxf5+ Kg8 32. Qe6+ Kh8 33. a4 Bf6 34. g3 Rd8 35. a5 Kg7 36. a6 Rd6 37. Qg4+ Kf7 38. a7 Ra6 39. Qc4+ 1-0

[Event "Titled Tuesday intern op 11th Mar Late"]
[Site "Chess.com INT"]
[Date "2025.03.11"]
[Round "5"]
[White "Asensio Ramos, Enrique Fernando"]
[Black "Materia, Marco"]
[Result "0-1"]
[WhiteElo "2227"]
[BlackElo "2486"]
[PlyCount "112"]
[EventDate "2025.03.11"]
[EventType "swiss (blitz)"]
[EventRounds "11"]
[EventCountry "USA"]
[SourceTitle "CB12_2025"]
[SourceDate "2025.03.19"]
[SourceVersion "1"]
[SourceVersionDate "2025.03.19"]
[SourceQuality "1"]

1. d4 Nf6 2. Nc3 d5 3. Bf4 Bf5 4. f3 e6 5. g4 Bg6 6. h4 h5 7. g5 Nfd7 8. e4 c6 9. a3 Nb6 10. Nh3 Bd6 11. Qd2 Qc7 12. Bxd6 Qxd6 13. Nf4 N8d7 14. Nxg6 fxg6 15. e5 Qf8 16. f4 Nc8 17. 0-0-0 Qf7 18. Bd3 0-0 19. Ne2 Ne7 20. Kb1 b5 21. Rdf1 a5 22. Ng3 Rfb8 23. Qe3 b4 24. axb4 axb4 25. b3 Ra3 26. Kb2 Rba8 27. Ra1 Nf8 28. Qd2 c5 29. dxc5 Nc6 30. Ne2 Qa7 31. Qe1 Qxc5 32. Rxa3 Rxa3 33. Qg1 Qa5 34. Nc1 Ra1 35. c4 bxc3+ 36. Kc2 Nb4+ 37. Kxc3 Rxc1+ 38. Qxc1 Na2+ 39. Kb2 Nxc1 40. Rxc1 Qd2+ 41. Bc2 Qxf4 42. Ra1 Qxe5+ 43. Kb1 Qe1+ 44. Kb2 Qxh4 45. Ra8 Qxg5 46. b4 Qe5+ 47. Kb3 Qe3+ 48. Kb2 Qd4+ 49. Kb3 Qc4+ 50. Kb2 Qxb4+ 51. Bb3 h4 52. Ra4 Qd2+ 53. Kb1 h3 54. Ra2 Qd3+ 55. Bc2 Qf1+ 56. Kb2 h2 0-1

[Event "Titled Tuesday intern op 11th Mar Late"]
[Site "Chess.com INT"]
[Date "2025.03.11"]
[Round "3"]
[White "Maksimovic, Bojan"]
[Black "Asensio Ramos, Enrique Fernando"]
[Result "0-1"]
[WhiteElo "2505"]
[BlackElo "2227"]
[PlyCount "98"]
[EventDate "2025.03.11"]
[EventType "swiss (blitz)"]
[EventRounds "11"]
[EventCountry "USA"]
[SourceTitle "CB12_2025"]
[SourceDate "2025.03.19"]
[SourceVersion "1"]
[SourceVersionDate "2025.03.19"]
[SourceQuality "1"]

1. d4 d5 2. Bg5 Nc6 3. Nf3 Bf5 4. e3 a6 5. c4 h6 6. Bh4 g5 7. Bg3 e5 8. Nxe5 Bxb1 9. Nxc6 bxc6 10. Qxb1 Bb4+ 11. Kd1 Bd6 12. c5 Bxg3 13. hxg3 Qf6 14. Qc2 a5 15. Bd3 Rb8 16. Qd2 h5 17. Kc2 Ne7 18. Raf1 Kd7 19. Kb1 a4 20. a3 h4 21. g4 Rb7 22. Ka2 Rhb8 23. Rb1 Ng6 24. Bf5+ Ke7 25. Bc2 Ra7 26. Rhf1 Kf8 27. f4 gxf4 28. exf4 Ne7 29. g5 Qg7 30. f5 f6 31. g6 Rab7 32. Bxa4 Qg8 33. Bc2 Qg7 34. Bd3 Ng8 35. Rfe1 Qh6 36. Qxh6+ Nxh6 37. Re6 Kg7 38. Rxc6 Ng4 39. b4 Nf2 40. Ba6 Ra7 41. b5 Re8 42. Rb2 Nd3 43. Rd2 Nc1+ 44. Kb2 Ne2 45. a4 Ng3 46. a5 Re3 47. b6 Rxa6 48. Rxc7+ Kh6 49. b7 Ne4 0-1

[Event "Titled Tuesday intern op 25th Feb Early"]
[Site "Chess.com INT"]
[Date "2025.02.25"]
[Round "1"]
[White "Asensio Ramos, Enrique Fernando"]
[Black "Le, Tuan Minh"]
[Result "0-1"]
[WhiteElo "2215"]
[BlackElo "2598"]
[PlyCount "108"]
[EventDate "2025.02.25"]
[EventType "swiss (blitz)"]
[EventRounds "11"]
[EventCountry "USA"]
[SourceTitle "CB10_2025"]
[SourceDate "2025.03.05"]
[SourceVersion "1"]
[SourceVersionDate "2025.03.05"]
[SourceQuality "1"]

1. d4 d5 2. Nc3 Bf5 3. f3 e6 4. e4 Bg6 5. a3 Nf6 6. Bd3 c5 7. exd5 Nxd5 8. Nxd5 Qxd5 9. Bxg6 hxg6 10. Ne2 Nc6 11. Be3 0-0-0 12. c3 cxd4 13. cxd4 Bd6 14. Nc3 Bg3+ 15. Kd2 Qc4 16. Qe2 Qxe2+ 17. Nxe2 Bc7 18. Rac1 e5 19. Kc3 Kb8 20. h3 exd4+ 21. Nxd4 Be5 22. Rhd1 Rd7 23. Kc4 Bxd4 24. Bxd4 Rhd8 25. Bxa7+ Kxa7 26. Rxd7 Rxd7 27. Rc2 Ne5+ 28. Kb5 Rd5+ 29. Kb4 g5 30. h4 gxh4 31. a4 g5 32. a5 Nc6+ 33. Ka4 Rxa5+ 34. Kb3 Nd4+ 35. Kb4 Nxc2+ 36. Kxa5 Ne1 37. f4 g4 38. f5 Nxg2 39. f6 h3 40. b4 h2 41. b5 Kb8 42. b6 h1Q 43. Kb5 Qh6 44. Kc5 Qxf6 45. Kd5 Qe6+ 46. Kd4 Qxb6+ 47. Ke5 Qe6+ 48. Kd4 Nf4 49. Kc5 Qd5+ 50. Kb6 Qc6+ 51. Ka5 Qc5+ 52. Ka4 Qb6 53. Ka3 Nd3 54. Ka4 Qb4# 0-1

[Event "Titled Tuesday intern op 25th Feb Early"]
[Site "Chess.com INT"]
[Date "2025.02.25"]
[Round "4"]
[White "Asensio Ramos, Enrique Fernando"]
[Black "Player, Edmund C"]
[Result "1-0"]
[WhiteElo "2215"]
[BlackElo "2130"]
[PlyCount "65"]
[EventDate "2025.02.25"]
[EventType "swiss (blitz)"]
[EventRounds "11"]
[EventCountry "USA"]
[SourceTitle "CB10_2025"]
[SourceDate "2025.03.05"]
[SourceVersion "1"]
[SourceVersionDate "2025.03.05"]
[SourceQuality "1"]

1. d4 Nf6 2. Nc3 d5 3. Bf4 a6 4. e3 c5 5. dxc5 Nc6 6. a3 e5 7. Bg5 Be6 8. b4 Be7 9. Nf3 h6 10. Bxf6 Bxf6 11. e4 d4 12. Na4 Qe7 13. Nb6 Rd8 14. Bc4 Bxc4 15. Nxc4 0-0 16. 0-0 g5 17. Qd3 Qe6 18. Nfd2 Ne7 19. Nd6 Ng6 20. Qb3 Rd7 21. Qxe6 fxe6 22. N2c4 Nf4 23. Rfe1 h5 24. g3 Nh3+ 25. Kg2 g4 26. f3 Ng5 27. f4 Nf3 28. Re2 exf4 29. gxf4 Be7 30. f5 exf5 31. exf5 Bg5 32. Re6 Rxf5 33. Nxf5 1-0

[Event "Titled Tuesday intern op 11th Feb Early"]
[Site "Chess.com INT"]
[Date "2025.02.11"]
[Round "6"]
[White "Asensio Ramos, Enrique Fernando"]
[Black "Alieva, Alexandra"]
[Result "1-0"]
[WhiteElo "2215"]
[BlackElo "2054"]
[PlyCount "69"]
[EventDate "2025.02.11"]
[EventType "swiss (blitz)"]
[EventRounds "11"]
[EventCountry "USA"]
[SourceTitle "CB08_2025"]
[SourceDate "2025.02.19"]
[SourceVersion "1"]
[SourceVersionDate "2025.02.19"]
[SourceQuality "1"]

1. d4 Nf6 2. Nc3 g6 3. e4 d6 4. f3 Nbd7 5. Be3 Bg7 6. Qd2 h6 7. Bc4 Kf8 8. Nge2 Kg8 9. g4 e6 10. h4 Ne8 11. a4 c6 12. Bb3 Nc7 13. a5 a6 14. Na4 Kh7 15. c4 d5 16. e5 dxc4 17. Bxc4 Nd5 18. Nf4 Qe7 19. Nxd5 exd5 20. Bd3 Nf8 21. h5 Be6 22. Nc5 Rb8 23. Kf2 Nd7 24. hxg6+ fxg6 25. Bxh6 Kg8 26. Nxd7 Bxd7 27. Bxg6 c5 28. Bg5 Qf8 29. dxc5 Qxc5+ 30. Kg2 Bxe5 31. Rxh8+ Bxh8 32. Rh1 Rf8 33. Bh7+ Kf7 34. Qf4+ Ke6 35. Re1+ 1-0